Ранние пьесы (Запись № 13667358)

Подробности
000 -МАРКЕР
контрольное поле 01965nam0a2200337 4500
001 - ИДЕНТИФИКАТОР ЗАПИСИ
контрольное поле RU\NLR\BIBL_A\022351813
005 - ИДЕНТИФИКАТОР ВЕРСИИ
контрольное поле 20260420015823.0
010 ## - МЕЖДУНАРОДНЫЙ СТАНДАРТНЫЙ НОМЕР КНИГИ (ISBN)
Номер (ISBN) 978-5-00244-542-4
Тираж 10
021 ## - НОМЕР ГОСУДАРСТВЕННОЙ РЕГИСТРАЦИИ
Код страны Российская Федерация
Номер КН-П-24-045517
Номер Листа государственной регистраци КН-П-24-4531
035 ## - ДРУГИЕ СИСТЕМНЫЕ НОМЕРА
Идентификатор записи (NLR Aleph) 022351813
100 ## - ДАННЫЕ ОБЩЕЙ ОБРАБОТКИ
Данные общей обработки 20241014d2024 u y0rusy50 ca
101 1# - ЯЗЫК РЕСУРСА
Язык текста, звукозаписи и т.д. русский
Язык оригинала немецкий
102 ## - СТРАНА ПУБЛИКАЦИИ ИЛИ ПРОИЗВОДСТВА
Страна публикации Российская Федерация
105 ## - ПОЛЕ КОДИРОВАННЫХ ДАННЫХ: ТЕКСТОВЫЕ МАТЕРИАЛЫ, МОНОГРАФИЧЕСКИЕ
Кодированные данные о монографическом текстовом документе c z 000ay
181 #0 - ПОЛЕ КОДИРОВАННЫХ ДАННЫХ: ВИД СОДЕРЖАНИЯ
Код вида содержания (ISBD) i
Код характеристики содержания (ISBD) axxe
182 #0 - ПОЛЕ КОДИРОВАННЫХ ДАННЫХ: ТИП СРЕДСТВА
Код типа средства (ISBD) n - непосредственное
200 1# - ЗАГЛАВИЕ И СВЕДЕНИЯ ОБ ОТВЕТСТВЕННОСТИ
Основное заглавие Ранние пьесы
Сведения, относящиеся к заглавию [сборник]
Первые сведения об ответственности Петер Хакс
Последующие сведения об ответственности [пер. с нем. Э. Венгеровой]
203 ## - ВИД СОДЕРЖАНИЯ И ТИП СРЕДСТВА
Вид содержания Текст
Дополнительные сведения об издании визуальный
Тип средства непосредственный
210 ## - ПУБЛИКАЦИЯ, РАСПРОСТРАНЕНИЕ И ДР.
Место издания, распространения и т.д. Москва
Имя издателя, распространителя и т. д. Перо
Дата издания, распространения и т.д. 2024
215 ## - ФИЗИЧЕСКАЯ ХАРАКТЕРИСТИКА
Специфическое обозначение материала и объем 239 с.
Другие сведения о физической характеристике портр.
Размеры 22
327 1# - ПРИМЕЧАНИЯ О СОДЕРЖАНИИ
Текст примечания Содерж.: Колумб, или Путь к открытию мира ; Мельник из Сан-Суси. В кн. также: Последние дело инспектора Кемпбелла, или Женитьба – всегда риск / Саул О' Хара
464 #0 - АНАЛИТИЧЕСКИЙ УРОВЕНЬ
Встроенное поле 2001#$aПоследние дело инспектора Кемпбелла, или Женитьба – всегда риск$fСаул О' Хара
-- 300##$aВ аннот.: пьеса создана в соавт. с Анной Виде, женой драматурга, под псевд. Саул О' Хара
-- 700#0$aСаул О' Хара$cколлективный псевдоним$3RU\NLR\AUTH\770274556
Заглавие Последние дело инспектора Кемпбелла, или Женитьба – всегда риск
Автор Саул О' Хара (коллективный псевдоним)
686 1# - ИНДЕКСЫ ДРУГИХ КЛАССИФИКАЦИЙ
Индекс Ш6(4Ге)07-62{Лх1359.1-215}
700 #1 - ИМЯ ЛИЦА - ПЕРВИЧНАЯ ОТВЕТСТВЕННОСТЬ
Графика поля Кириллица
Материалы, к которым относится поле rus
Начальный элемент ввода Хакс
Часть имени, кроме начального элемента ввода П.
Даты 1928-2003
Расширение инициалов личного имени Петер
Системный номер авторитетной/нормативной записи 155351
Идентификатор авторитетной/нормативной записи RU\NLR\AUTH\770155390
942 ## - ДОПОЛНИТЕЛЬНЫЕ ЭЛЕМЕНТЫ ЗАПИСИ (АБИС)
Тип экземпляра АБИС Книга
980 ## - КОЛЛЕКЦИЯ
Название коллекции Национальная библиография

Нет доступных экземпляров.